000 00887cam a2200241 a 4500
999 _c127311
_d127311
001 14236570
003 ARRUPE
005 20180110114248.0
008 060120s2004 miu b 001 0 eng
010 _a 2006272118
020 _a0802827683 (pbk.)
040 _aDLC
_cDLC
_dDLC
050 0 0 _aBR195.E9
_bG7 2003
082 0 0 _a269/.209015
_222
100 1 _aGreen, Michael,
_d1930-
_938301
245 1 0 _aEvangelism in the early Church /
_cMichael Green.
250 _aRev. ed.
260 _aGrand Rapids, Mich. :
_bW.B. Eerdmans Pub.,
_c2003.
300 _a474 p. ;
_c22 cm.
504 _aIncludes bibliographical references (p. 389-470) and index.
650 0 _aEvangelistic work
_xHistory
_938302
650 0 _aChurch history
_xEarly church, ca. 30-600.
_938303
906 _a7
_bcbc
_corigcop
_d2
_encip
_f20
_gy-gencatlg
942 _2lcc
_cMONOGRAPH